[Event "Famalicao op 1st"]
[Site "Famalicao"]
[Date "2013.08.30"]
[Round "9.20"]
[White "Oliveira, Maria Alice Ramos"]
[Black "Almeida, David Sousa"]
[Result "1/2-1/2"]
[WhiteElo "1433"]
[BlackElo "1373"]
[PlyCount "63"]
[EventDate "2013.08.26"]
[EventType "swiss"]
[EventRounds "9"]
[EventCountry "POR"]
[SourceTitle "EXT 2015"]
[Source "ChessBase"]
[SourceDate "2014.11.20"]
[SourceVersion "1"]
[SourceVersionDate "2014.11.20"]
[SourceQuality "1"]

1. e4 c5 2. Nf3 Nc6 3. d4 cxd4 4. Nxd4 g6 5. Nc3 Bg7 6. Be3 Nf6 7. Bc4 Qa5 8. 0-0 0-0 9. Bb3 d6 10. h3 Bd7 11. Re1 Rfd8 12. Qd3 Nxd4 13. Bxd4 Bc6 14. Rad1 Rac8 15. Qf3 a6 16. Qe3 Rd7 17. e5 dxe5 18. Bxe5 Rcd8 19. Rxd7 Rxd7 20. Bd4 Qh5 21. Qe5 Qxe5 22. Bxe5 Rd2 23. Bf4 Rd4 24. Bh2 Kf8 25. f3 Bd5 26. Nxd5 Nxd5 27. Be5 Bxe5 28. Rxe5 e6 29. Kf2 Ke7 30. c3 Rd2+ 31. Re2 Rxe2+ 32. Kxe2 1/2-1/2

[Event "Famalicao op 1st"]
[Site "Famalicao"]
[Date "2013.08.29"]
[Round "7.23"]
[White "Oliveira, Maria Elisa Ramos"]
[Black "Almeida, David Sousa"]
[Result "0-1"]
[WhiteElo "1102"]
[BlackElo "1373"]
[PlyCount "60"]
[EventDate "2013.08.26"]
[EventType "swiss"]
[EventRounds "9"]
[EventCountry "POR"]
[SourceTitle "EXT 2015"]
[Source "ChessBase"]
[SourceDate "2014.11.20"]
[SourceVersion "1"]
[SourceVersionDate "2014.11.20"]
[SourceQuality "1"]

1. e4 c5 2. Nf3 Nc6 3. d4 cxd4 4. Nxd4 g6 5. Nc3 Bg7 6. Be3 Nf6 7. Bc4 Qa5 8. Bb3 Nxe4 9. Qd3 Nxc3 10. bxc3 b6 11. 0-0 Ba6 12. Bc4 Bxc4 13. Qxc4 Qc5 14. Qd3 Nxd4 15. Bxd4 Bxd4 16. cxd4 Qd6 17. Rfe1 0-0 18. Re2 Rac8 19. Rae1 e6 20. c3 Rc7 21. c4 Qb4 22. d5 Qxc4 23. Qf3 Qxd5 24. Qf6 Qf5 25. Qb2 Rfc8 26. Qa3 Qc5 27. Qxc5 Rxc5 28. h3 Rc2 29. Rxc2 Rxc2 30. Rd1 d5 0-1

[Event "POR-ch U16"]
[Site "Braga"]
[Date "2013.08.04"]
[Round "4.15"]
[White "Almeida, David Sousa"]
[Black "Silva, Beatriz Sofia"]
[Result "1/2-1/2"]
[WhiteElo "1373"]
[BlackElo "1157"]
[PlyCount "36"]
[EventDate "2013.08.02"]
[EventType "swiss"]
[EventRounds "7"]
[EventCountry "POR"]
[SourceTitle "EXT 2015"]
[Source "ChessBase"]
[SourceDate "2014.11.20"]
[SourceVersion "1"]
[SourceVersionDate "2014.11.20"]
[SourceQuality "1"]

1. e4 e5 2. Nf3 Nc6 3. Bb5 Bc5 4. c3 Nf6 5. d4 exd4 6. cxd4 Bb4+ 7. Bd2 Bxd2+ 8. Nbxd2 a6 9. Ba4 b5 10. Bb3 d6 11. 0-0 Bg4 12. d5 Nd4 13. Re1 Nxf3+ 14. Nxf3 0-0 15. Qd3 Re8 16. Nd4 Qd7 17. f3 Bh5 18. Rac1 h6 1/2-1/2

[Event "POR-ch U16"]
[Site "Braga"]
[Date "2013.08.02"]
[Round "1.7"]
[White "Cavadas, Francisco Manuel Si"]
[Black "Almeida, David Sousa"]
[Result "1-0"]
[WhiteElo "1709"]
[BlackElo "1373"]
[PlyCount "37"]
[EventDate "2013.08.02"]
[EventType "swiss"]
[EventRounds "7"]
[EventCountry "POR"]
[SourceTitle "EXT 2015"]
[Source "ChessBase"]
[SourceDate "2014.11.20"]
[SourceVersion "1"]
[SourceVersionDate "2014.11.20"]
[SourceQuality "1"]

1. e4 c5 2. Nf3 Nc6 3. d4 cxd4 4. Nxd4 g6 5. Be3 Bg7 6. Nc3 Nf6 7. Bc4 Qa5 8. f3 Qb4 9. Bb3 Ng4 10. Nxc6 Nxe3 11. Nxb4 Nxd1 12. Rxd1 d6 13. Ncd5 0-0 14. Nxe7+ Kh8 15. 0-0 Be6 16. Ned5 a6 17. Nc7 Rac8 18. Nxe6 fxe6 19. Bxe6 1-0